| 000 | 00477nam a2200181Ia 4500 | ||
|---|---|---|---|
| 001 | 4630 | ||
| 005 | 20260306145810.0 | ||
| 008 | 260306t2017||||xx |||||||||||||| ||spa|| | ||
| 041 | _aESP | ||
| 082 |
_a327.985 _bP59 |
||
| 100 |
_aPinto-Bazurco Rittler, Ernesto, _eAUT |
||
| 245 | 0 |
_aDiplomacia por la libertad : _btestimonio confidencial de un embajador |
|
| 260 | _c2017 | ||
| 300 |
_a399 páginas : _c23 cm. |
||
| 650 | _aGEN | ||
| 654 | _aCHU | ||
| 942 |
_cLIB _dJUS _fJUS _2ddc _n |
||
| 999 |
_c4630 _d4630 |
||